<?xml version="1.0" encoding="UTF-8"?>
<record
    xmlns:xsi="http://www.w3.org/2001/XMLSchema-instance"
    xsi:schemaLocation="http://www.loc.gov/MARC21/slim http://www.loc.gov/standards/marcxml/schema/MARC21slim.xsd"
    xmlns="http://www.loc.gov/MARC21/slim">

  <leader>00313nam a2200121Ia 4500</leader>
  <controlfield tag="008">191201s2011    xx            000 0 und d</controlfield>
  <datafield tag="100" ind1=" " ind2=" ">
    <subfield code="a">CHAKRABARTI, A</subfield>
  </datafield>
  <datafield tag="245" ind1=" " ind2="0">
    <subfield code="a">Circuit Theory Analysis and Synthesis</subfield>
  </datafield>
  <datafield tag="260" ind1=" " ind2=" ">
    <subfield code="a">N. delhi</subfield>
    <subfield code="b">Dhanpat Rai</subfield>
    <subfield code="c">2011</subfield>
  </datafield>
  <datafield tag="300" ind1=" " ind2=" ">
    <subfield code="a">1008+4</subfield>
  </datafield>
  <datafield tag="650" ind1=" " ind2=" ">
    <subfield code="a">B.Tech(ECE)</subfield>
  </datafield>
  <datafield tag="942" ind1=" " ind2=" ">
    <subfield code="2">ddc</subfield>
    <subfield code="c">BK</subfield>
    <subfield code="0">5</subfield>
  </datafield>
  <datafield tag="999" ind1=" " ind2=" ">
    <subfield code="c">6358</subfield>
    <subfield code="d">6358</subfield>
  </datafield>
  <datafield tag="952" ind1=" " ind2=" ">
    <subfield code="0">0</subfield>
    <subfield code="1">0</subfield>
    <subfield code="2">ddc</subfield>
    <subfield code="4">0</subfield>
    <subfield code="7">0</subfield>
    <subfield code="8">BTECHECE</subfield>
    <subfield code="a">PIET</subfield>
    <subfield code="b">PIET</subfield>
    <subfield code="d">2015-05-29</subfield>
    <subfield code="e">PANKAJ BOOK DEPOT PANIPAT</subfield>
    <subfield code="g">325.00</subfield>
    <subfield code="k">AS390</subfield>
    <subfield code="l">0</subfield>
    <subfield code="o">621.3192 CHC</subfield>
    <subfield code="p">26551</subfield>
    <subfield code="r">2019-12-04 00:00:00</subfield>
    <subfield code="v">250.25</subfield>
    <subfield code="w">2015-05-25</subfield>
    <subfield code="y">BK</subfield>
  </datafield>
  <datafield tag="952" ind1=" " ind2=" ">
    <subfield code="0">0</subfield>
    <subfield code="1">0</subfield>
    <subfield code="2">ddc</subfield>
    <subfield code="4">0</subfield>
    <subfield code="7">0</subfield>
    <subfield code="8">BTECHECE</subfield>
    <subfield code="a">PIET</subfield>
    <subfield code="b">PIET</subfield>
    <subfield code="d">2015-05-29</subfield>
    <subfield code="e">PANKAJ BOOK DEPOT PANIPAT</subfield>
    <subfield code="g">325.00</subfield>
    <subfield code="k">AS390</subfield>
    <subfield code="l">3</subfield>
    <subfield code="o">621.3192 CHC</subfield>
    <subfield code="p">26552</subfield>
    <subfield code="r">2022-01-12 00:00:00</subfield>
    <subfield code="s">2021-12-27</subfield>
    <subfield code="v">250.25</subfield>
    <subfield code="w">2015-05-25</subfield>
    <subfield code="y">BK</subfield>
  </datafield>
  <datafield tag="952" ind1=" " ind2=" ">
    <subfield code="0">0</subfield>
    <subfield code="1">0</subfield>
    <subfield code="2">ddc</subfield>
    <subfield code="4">0</subfield>
    <subfield code="7">0</subfield>
    <subfield code="8">BTECHECE</subfield>
    <subfield code="a">PIET</subfield>
    <subfield code="b">PIET</subfield>
    <subfield code="d">2015-05-29</subfield>
    <subfield code="e">PANKAJ BOOK DEPOT PANIPAT</subfield>
    <subfield code="g">325.00</subfield>
    <subfield code="k">AS390</subfield>
    <subfield code="l">3</subfield>
    <subfield code="o">621.3192 CHC</subfield>
    <subfield code="p">26553</subfield>
    <subfield code="r">2022-03-03 00:00:00</subfield>
    <subfield code="s">2022-01-03</subfield>
    <subfield code="v">250.25</subfield>
    <subfield code="w">2015-05-25</subfield>
    <subfield code="y">BK</subfield>
  </datafield>
  <datafield tag="952" ind1=" " ind2=" ">
    <subfield code="0">0</subfield>
    <subfield code="1">0</subfield>
    <subfield code="2">ddc</subfield>
    <subfield code="4">0</subfield>
    <subfield code="7">0</subfield>
    <subfield code="8">BTECHECE</subfield>
    <subfield code="a">PIET</subfield>
    <subfield code="b">PIET</subfield>
    <subfield code="d">2015-05-29</subfield>
    <subfield code="e">PANKAJ BOOK DEPOT PANIPAT</subfield>
    <subfield code="g">325.00</subfield>
    <subfield code="k">AS390</subfield>
    <subfield code="l">3</subfield>
    <subfield code="o">621.3192 CHC</subfield>
    <subfield code="p">26554</subfield>
    <subfield code="r">2025-01-14 00:00:00</subfield>
    <subfield code="s">2025-01-09</subfield>
    <subfield code="v">250.25</subfield>
    <subfield code="w">2015-05-25</subfield>
    <subfield code="y">BK</subfield>
  </datafield>
</record>
